Introduction to E-Commerce / (Record no. 10293)
[ view plain ]
| 000 -LEADER | |
|---|---|
| fixed length control field | 03626cam a22004694a 4500 |
| 001 - CONTROL NUMBER | |
| control field | 13091374 |
| 005 - DATE AND TIME OF LATEST TRANSACTION | |
| control field | 20061108100250.0 |
| 008 - FIXED-LENGTH DATA ELEMENTS--GENERAL INFORMATION | |
| fixed length control field | 030213s2004 maua b 001 0 eng |
| 010 ## - LIBRARY OF CONGRESS CONTROL NUMBER | |
| LC control number | 2003044184 |
| 020 ## - INTERNATIONAL STANDARD BOOK NUMBER | |
| International Standard Book Number | 0072553472 (alk. paper) |
| 040 ## - CATALOGING SOURCE | |
| Original cataloging agency | DLC |
| Transcribing agency | DLC |
| Modifying agency | DLC |
| 042 ## - AUTHENTICATION CODE | |
| Authentication code | pcc |
| 050 00 - LIBRARY OF CONGRESS CALL NUMBER | |
| Classification number | HF5548.32 |
| Item number | .R393 2004 |
| 082 00 - DEWEY DECIMAL CLASSIFICATION NUMBER | |
| Classification number | 658.84 |
| Edition number | 21 |
| Item number | RAY |
| 100 1# - MAIN ENTRY--PERSONAL NAME | |
| Personal name | Rayport, Jeffrey F. |
| 9 (RLIN) | 17110 |
| 245 10 - TITLE STATEMENT | |
| Title | Introduction to E-Commerce / |
| Statement of responsibility, etc | Jeffrey F. Rayport, Bernard J. Jaworski. |
| 250 ## - EDITION STATEMENT | |
| Edition statement | 2nd ed. |
| 260 ## - PUBLICATION, DISTRIBUTION, ETC. (IMPRINT) | |
| Place of publication, distribution, etc | Boston : |
| Name of publisher, distributor, etc | McGraw-Hill Irwin MarketspaceU, |
| Date of publication, distribution, etc | c2004. |
| 300 ## - PHYSICAL DESCRIPTION | |
| Extent | xxvii, 516 p. : |
| Other physical details | ill. ; |
| Dimensions | 27 cm. |
| 440 #0 - | |
| -- | McGraw-Hill/Irwin series in marketing |
| -- | 17111 |
| 504 ## - BIBLIOGRAPHY, ETC. NOTE | |
| Bibliography, etc | Includes bibliographical references and index. |
| 650 #0 - SUBJECT ADDED ENTRY--TOPICAL TERM | |
| Topical term or geographic name as entry element | Electronic commerce. |
| 9 (RLIN) | 17112 |
| 700 1# - ADDED ENTRY--PERSONAL NAME | |
| Personal name | Jaworski, Bernard J. |
| 9 (RLIN) | 17113 |
| 856 42 - ELECTRONIC LOCATION AND ACCESS | |
| Materials specified | Publisher description |
| Uniform Resource Identifier | <a href="http://www.loc.gov/catdir/enhancements/fy0702/2003044184-d.html">http://www.loc.gov/catdir/enhancements/fy0702/2003044184-d.html</a> |
| 856 41 - ELECTRONIC LOCATION AND ACCESS | |
| Materials specified | Table of contents only |
| Uniform Resource Identifier | <a href="http://www.loc.gov/catdir/enhancements/fy0702/2003044184-t.html">http://www.loc.gov/catdir/enhancements/fy0702/2003044184-t.html</a> |
| 942 ## - ADDED ENTRY ELEMENTS (KOHA) | |
| Source of classification or shelving scheme | Dewey Decimal Classification |
| Item type | NB - Book (Non borrowing) |
| Withdrawn status | Item status | Source of classification or shelving scheme | Damaged status | Not for loan | Home library | Current library | Shelving location | Date acquired | Source of acquisition | Cost, normal purchase price | Total Checkouts | Full call number | Barcode | Date last seen | Date last borrowed | Cost, replacement price | Koha item type | Vendor | Total Renewals | Materials specified (bound volume or other part) |
|---|---|---|---|---|---|---|---|---|---|---|---|---|---|---|---|---|---|---|---|---|
| Dewey Decimal Classification | Central Library | Central Library | First floor | 16/11/2008 | Purchase | 180.00 | 5 | 658.84 RAY | 000013918 | 15/07/2025 | 05/09/2010 | 225.00 | NB - Book (Non borrowing) | |||||||
| Dewey Decimal Classification | Central Library | Central Library | First floor | 16/11/2008 | 180.00 | 6 | 658.84 RAY | 000013697 | 15/07/2025 | 28/09/2010 | 225.00 | Book - Borrowing | 23 | |||||||
| Dewey Decimal Classification | Central Library | Central Library | First floor | 16/11/2008 | Purchase | 180.00 | 6 | 658.84 RAY | 000013935 | 15/07/2025 | 13/12/2010 | 225.00 | Book - Borrowing | 21 | ||||||
| Lost | Dewey Decimal Classification | Central Library | Central Library | First floor | 16/11/2008 | Purchase | 180.00 | 9 | 658.84 RAY | 000014129 | 05/01/2011 | 23/12/2010 | 225.00 | Book - Borrowing | 13 | Lost In Inventory_2005-2015/8/22 | ||||
| Dewey Decimal Classification | Central Library | Central Library | First floor | 16/11/2008 | Purchase | 180.00 | 7 | 658.84 RAY | 000014128 | 15/07/2025 | 29/11/2010 | 225.00 | Book - Borrowing | 19 | ||||||
| Dewey Decimal Classification | Central Library | Central Library | First floor | 16/11/2008 | Purchase | 180.00 | 2 | 658.84 RAY | 000014127 | 15/07/2025 | 30/09/2009 | 225.00 | Book - Borrowing | 1 | ||||||
| Dewey Decimal Classification | Central Library | Central Library | First floor | 16/11/2008 | Purchase | 180.00 | 6 | 658.84 RAY | 000014126 | 15/07/2025 | 09/06/2019 | 225.00 | Book - Borrowing | 18 | ||||||
| Dewey Decimal Classification | Central Library | Central Library | First floor | 16/11/2008 | Purchase | 180.00 | 7 | 658.84 RAY | 000013934 | 15/07/2025 | 05/10/2011 | 225.00 | Book - Borrowing | 11 | ||||||
| Dewey Decimal Classification | Central Library | Central Library | First floor | 16/11/2008 | Purchase | 180.00 | 10 | 658.84 RAY | 000014118 | 15/07/2025 | 23/12/2010 | 225.00 | Book - Borrowing | 25 | ||||||
| Dewey Decimal Classification | Central Library | Central Library | First floor | 23/08/2009 | 180.00 | 8 | 658.84 RAY | 000014115 | 15/07/2025 | 09/11/2015 | 225.00 | Book - Borrowing | 11 | |||||||
| Dewey Decimal Classification | Central Library | Central Library | First floor | 09/12/2009 | 180.00 | 6 | 658.84 RAY | 000018772 | 15/07/2025 | 09/01/2012 | 225.00 | Book - Borrowing | Baccah | 17 | ||||||
| Dewey Decimal Classification | Central Library | Central Library | First floor | 09/12/2009 | 180.00 | 7 | 658.84 RAY | 000018773 | 15/07/2025 | 21/12/2010 | 225.00 | Book - Borrowing | Baccah | 7 | ||||||
| Dewey Decimal Classification | Central Library | Central Library | First floor | 09/12/2009 | 180.00 | 8 | 658.84 RAY | 000018988 | 15/07/2025 | 14/09/2011 | 225.00 | Book - Borrowing | Baccah | 15 | ||||||
| Dewey Decimal Classification | Central Library | Central Library | First floor | 05/01/2011 | 180.00 | 3 | 658.84 RAY | 000022717 | 15/07/2025 | 29/05/2011 | 225.00 | Book - Borrowing | 1 |